ბათუმის შოთა რუსთაველის სახელმწიფო უნივერსიტეტის ბიბლიოთეკა

Events relating to the last flight of an R.A.F. bomber over Germany on the night of june 3its,1943. (ბიბ.ჩანაწერი № 46268)

000 -LEADER
fixed length control field 00599nam a2200193Ia 4500
001 - CONTROL NUMBER
control field 13102
003 - CONTROL NUMBER IDENTIFIER
control field GE_BSU
008 - FIXED-LENGTH DATA ELEMENTS--GENERAL INFORMATION
fixed length control field 181216s||||||||xx |||||||||||||| ||und||
040 ## - CATALOGING SOURCE
Transcribing agency GE_BSU
080 ## - UNIVERSAL DECIMAL CLASSIFICATION NUMBER
Universal Decimal Classification number 821.111-3
100 ## - MAIN ENTRY--PERSONAL NAME
Personal name Deighton,Len.
245 ## - TITLE STATEMENT
Title Events relating to the last flight of an R.A.F. bomber over Germany on the night of june 3its,1943.
260 ## - PUBLICATION, DISTRIBUTION, ETC.
Place of publication, distribution, etc. London.
260 ## - PUBLICATION, DISTRIBUTION, ETC.
Name of publisher, distributor, etc. Jonatan cape thirty bedford square.
260 ## - PUBLICATION, DISTRIBUTION, ETC.
Date of publication, distribution, etc. 1970
300 ## - PHYSICAL DESCRIPTION
Extent 494p;20cm.
653 ## - INDEX TERM--UNCONTROLLED
Uncontrolled term Events relating to the last flight of an R.A.F. bomber over Germany on the night of june 3its,1943.
942 ## - ADDED ENTRY ELEMENTS (KOHA)
Koha item type წიგნი
ეგზემპლარები
Withdrawn status Lost status Damaged status Not for loan Date acquired Barcode Date last seen Price effective from Koha item type
        2018-12-17 36703 2018-12-17 2018-12-17 წიგნი